Trendy privátneho bankovníctva

Najvýznamnejšie globálne trendy privátneho bankovníctva. Definícia privátneho bankovníctva a jeho klientely. Trendy v oblasti tvorby súkromného finančného bohatstva vo svete, rozdiely medzi jednotlivými regiónmi v tempe a zdrojoch jeho rastu, alokácia bohatstva do jednotlivých tried aktív. Najväčšie...

ver descrição completa

Na minha lista:
Detalhes bibliográficos
Autor principal: Hrvoľová, Kristína
Formato: Capítulo de Livro
Idioma:eslovaco
Assuntos:
Tags: Adicionar Tag
Sem tags, seja o primeiro a adicionar uma tag!

MARC

LEADER 00000nla a2200000 4500
001 0181061
005 20240610101832.4
041 0 |a slo 
044 |a SK 
245 1 0 |a Trendy privátneho bankovníctva  |c Kristína Hrvoľová 
520 |a Najvýznamnejšie globálne trendy privátneho bankovníctva. Definícia privátneho bankovníctva a jeho klientely. Trendy v oblasti tvorby súkromného finančného bohatstva vo svete, rozdiely medzi jednotlivými regiónmi v tempe a zdrojoch jeho rastu, alokácia bohatstva do jednotlivých tried aktív. Najväčšie výzvy pre privátne bankovníctvo: tlak zo strany regulátorov, potreba obnoviť dôveru klientov, nástup novej generácie a segmentov klientov, nutnosť inovovať biznis modely a investičné riešenia, potreba dosiahnuť nákladovú efektívnosť, excelentnosť v oblasti CRM a potreba využiť IT. 
610 2 0 |a bankovníctvo 
610 2 0 |a banky súkromné 
610 2 0 |a revitalizácia 
610 2 0 |a manažment 
100 1 |a Hrvoľová, Kristína